<?xml version="1.0" encoding="UTF-8"?>
<record
    xmlns:xsi="http://www.w3.org/2001/XMLSchema-instance"
    xsi:schemaLocation="http://www.loc.gov/MARC21/slim http://www.loc.gov/standards/marcxml/schema/MARC21slim.xsd"
    xmlns="http://www.loc.gov/MARC21/slim">

  <leader>00449nam a22001817a 4500</leader>
  <controlfield tag="005">20250404162225.0</controlfield>
  <controlfield tag="008">250404b        |||||||| |||| 00| 0 eng d</controlfield>
  <datafield tag="020" ind1=" " ind2=" ">
    <subfield code="a">9789355734150</subfield>
  </datafield>
  <datafield tag="041" ind1=" " ind2=" ">
    <subfield code="a">eng</subfield>
  </datafield>
  <datafield tag="082" ind1=" " ind2=" ">
    <subfield code="a">330</subfield>
    <subfield code="b">MAN B22495</subfield>
  </datafield>
  <datafield tag="100" ind1=" " ind2=" ">
    <subfield code="a">Mankiw N G</subfield>
    <subfield code="9">106339</subfield>
  </datafield>
  <datafield tag="245" ind1=" " ind2=" ">
    <subfield code="a">Principles of Macroeconomics By: Mankiw N G</subfield>
  </datafield>
  <datafield tag="250" ind1=" " ind2=" ">
    <subfield code="a">8th Ed.</subfield>
  </datafield>
  <datafield tag="260" ind1=" " ind2=" ">
    <subfield code="a">Delhi</subfield>
    <subfield code="b">Cengage </subfield>
    <subfield code="c">2018</subfield>
  </datafield>
  <datafield tag="300" ind1=" " ind2=" ">
    <subfield code="a">464p</subfield>
  </datafield>
  <datafield tag="500" ind1=" " ind2=" ">
    <subfield code="a">Microeconomics</subfield>
  </datafield>
  <datafield tag="942" ind1=" " ind2=" ">
    <subfield code="c">BK</subfield>
  </datafield>
  <datafield tag="999" ind1=" " ind2=" ">
    <subfield code="c">365873</subfield>
    <subfield code="d">365873</subfield>
  </datafield>
  <datafield tag="952" ind1=" " ind2=" ">
    <subfield code="0">0</subfield>
    <subfield code="1">0</subfield>
    <subfield code="2">ddc</subfield>
    <subfield code="4">0</subfield>
    <subfield code="7">0</subfield>
    <subfield code="a">HIMR</subfield>
    <subfield code="b">HIMR</subfield>
    <subfield code="d">2025-01-29</subfield>
    <subfield code="e">Forward Books </subfield>
    <subfield code="g">1050.00</subfield>
    <subfield code="i">24330</subfield>
    <subfield code="o">330 MAN B22495</subfield>
    <subfield code="p">HIMR-BK-22495</subfield>
    <subfield code="r">2025-04-04 00:00:00</subfield>
    <subfield code="t">27</subfield>
    <subfield code="v">766.50</subfield>
    <subfield code="w">2025-01-28</subfield>
    <subfield code="y">BK</subfield>
    <subfield code="z">B22495</subfield>
  </datafield>
  <datafield tag="952" ind1=" " ind2=" ">
    <subfield code="0">0</subfield>
    <subfield code="1">0</subfield>
    <subfield code="2">ddc</subfield>
    <subfield code="4">0</subfield>
    <subfield code="7">0</subfield>
    <subfield code="a">HIMR</subfield>
    <subfield code="b">HIMR</subfield>
    <subfield code="d">2025-01-29</subfield>
    <subfield code="e">Forward Books </subfield>
    <subfield code="g">1050.00</subfield>
    <subfield code="i">24330</subfield>
    <subfield code="o">330 MAN B22496</subfield>
    <subfield code="p">HIMR-BK-22496</subfield>
    <subfield code="r">2025-04-04 00:00:00</subfield>
    <subfield code="t">28</subfield>
    <subfield code="v">766.50</subfield>
    <subfield code="w">2025-01-28</subfield>
    <subfield code="y">BK</subfield>
    <subfield code="z">B22496</subfield>
  </datafield>
</record>
